Structured analysis and system specification

Salvato in:
Dettagli Bibliografici
Autore principale: DeMarco, Tom (Autore)
Natura: Libro
Lingua:inglese
Pubblicazione: Englewood Cliffs Prentice-Hall 1979
Soggetti:
Tags: Aggiungi Tag
Nessun Tag, puoi essere il primo ad aggiungerne!!

MARC

LEADER 00000nam a2200000 a 4500
001 UCV6801
003 CL-VaPUC
008 910823e19790000US |||||||||||||||||eng|d
082 0 4 |a 004.21  |b DEM  |2 21 
100 0 |a DeMarco, Tom  |e author  |9 300831 
245 1 0 |a Structured analysis and system specification 
300 |a 352 p 
942 |c BK 
945 |d 19910823 00:00:00 
260 |a Englewood Cliffs  |b Prentice-Hall  |c 1979 
650 0 |a Análisis de sistemas   |9 260059 
650 7 |a FLUJOGRAMAS  |2 CL-VaPUC  |9 263749 
583 |a last modification  |c 20181023 09:48:19  |k Rodrigo Vera 
999 |c 212665  |d 212663 
952 |0 0  |1 0  |4 0  |6 004_210000000000000_DEM_1979  |7 0  |8 P  |9 193974  |a BIBGIM  |b BIBGIM  |d 2019-11-14  |i 1414127  |o 004.21 DEM 1979  |p 1414127  |r 2025-01-15  |w 2019-11-14  |y BK  |k COM